Definition Von Glück K.I.Z Liedtext erraten - Statistiken

Allgemein
  • Dieses Quiz wurde 50 mal gespielt
  • Das Durchschnittsergebnis liegt bei 264 aus 405
Antwortstatistiken
Antwort % Korrekt
Definition
95%
Glück
95%
von
95%
Ich
89%
ich
89%
und
89%
ein
87%
in
87%
meine
87%
Meine
87%
Die
84%
die
84%
Eine
84%
is'
82%
kein
82%
keine
82%
den
79%
der
79%
Der
79%
einen
79%
Haus
79%
ist
79%
leicht
79%
stehen
79%
Alkohol
76%
auf
76%
Großes
76%
kleines
76%
Termine
76%
Das
74%
das
74%
mit
74%
Alkoholproblem
71%
dem
71%
Südfrankreich
71%
durch
66%
Kamin
66%
nackt
66%
starr'
66%
Bärenfell
63%
Mittagssonne
63%
nur
63%
sitz'
63%
doch
61%
Doch
61%
es
61%
nicht
61%
sie
61%
will
58%
dann
55%
noch
55%
wie
55%
aus
53%
denn
53%
dringt
53%
Aperitif
50%
Aspirin
50%
dich
50%
Flasche
50%
Jalousien
50%
Maxim
50%
schönste
50%
werden
50%
zieh'
50%
An
47%
bedrohlich
47%
Brotlose
47%
Champagner
47%
deutschen
47%
Kunst
47%
mehr
47%
mich
47%
Sprache
47%
vor
47%
Wort
47%
zu
47%
als
45%
des
45%
dir
45%
esse
45%
Mir
45%
mir
45%
schreib
45%
Steak
45%
war
45%
weiß'
45%
Baby
42%
darüber
42%
'em
42%
Geld
42%
öfter
42%
Pulsadern
42%
quer
42%
schreiben
42%
Sieht
42%
sterben
42%
unsterblich
42%
Vatikan
42%
versetz'
42%
dannen
39%
Mann
39%
Sauvignon
39%
vom
39%
zieht
39%
Applaus
37%
dein
37%
Hälfte
37%
Inspiration
37%
Jahres
37%
knapp
37%
leiden
37%
lieben
37%
mal
37%
Millionen
37%
Nase
37%
Sorry
37%
Stange
37%
Wollt'
37%
coming
34%
Ende
34%
keep
34%
Megafon
34%
paar
34%
retten
34%
Rezeption
34%
schwer
34%
schwinden
34%
selbst
34%
sind
34%
andere
32%
Beschwerdeanruf
32%
diktier'
32%
empört
32%
fällt
32%
Frauen
32%
Gedicht
32%
'ner
32%
nimmt
32%
Parfüm
32%
Pastis
32%
schweißgebadet
32%
Sommelier
32%
Trabrennbahn
32%
verbring'
32%
wache
32%
Wellnessoase
32%
bleibt
29%
errate
29%
Memoiren
29%
Tod
29%
am
26%
Côte
26%
fürchte
26%
hundert
26%
Affären
24%
Albtraum
24%
Bett
24%
direkt
24%
Frühstück
24%
geflohen
24%
musst'
24%
nichts
24%
zum
24%
außer
21%
Blatt
21%
d'Azur
21%
rar
21%
verblichen
21%
weißen
21%
Zauber
21%
Gitanes
18%
Kerben
18%
'nem
18%
Clos
8%
D'Ambonnay
8%
Krug
8%
Keine übereinstimmenden Quizze gefunden
Verteilung der Resultate
Anzahl Personen mit jedem Resultat
Perzentil nach korrekt beantworteten Fragen
Ihre Resultats-Entwicklung
Sie haben dieses Quiz noch nicht gespielt